Typing Challenge: Psalm 119:113-120 (KJV) Quiz Stats

Quiz not verified by Sporcle

Challenge
Share
Tweet
Embed
Score 0/120 Timer 01:30
0 Plays Today
Words to Type... Here! % Correct
II
98.6%
hatehate
97.2%
vainvain
97.2%
butbut
93.1%
ThyThy
93.1%
lawlaw
93.1%
dodo
93.1%
II
93.1%
thoughts:thoughts:
91.7%
love.love.
91.7%
artart
91.7%
ThouThou
90.3%
mymy
90.3%
hidinghiding
90.3%
andand
90.3%
mymy
90.3%
II
90.3%
inin
90.3%
ThyThy
90.3%
Word.Word.
90.3%
fromfrom
90.3%
yeye
90.3%
forfor
90.3%
II
90.3%
hopehope
90.3%
placeplace
88.9%
shield:shield:
88.9%
DepartDepart
88.9%
me,me,
88.9%
evildoers:evildoers:
88.9%
willwill
88.9%
keepkeep
87.5%
thethe
87.5%
ofof
87.5%
mymy
87.5%
God.God.
87.5%
meme
87.5%
ThyThy
87.5%
commandmentscommandments
86.1%
UpholdUphold
86.1%
Words to Type... Here! % Correct
accordingaccording
86.1%
untounto
86.1%
Word,Word,
86.1%
II
86.1%
maymay
86.1%
live:live:
86.1%
andand
86.1%
letlet
86.1%
meme
86.1%
notnot
86.1%
bebe
86.1%
ofof
86.1%
mymy
86.1%
hope.hope.
86.1%
HoldHold
86.1%
ThouThou
86.1%
MeMe
86.1%
andand
86.1%
II
86.1%
thatthat
84.7%
ashamedashamed
84.7%
up,up,
84.7%
shallshall
84.7%
bebe
84.7%
safe:safe:
84.7%
andand
83.3%
II
83.3%
willwill
80.6%
havehave
80.6%
respectrespect
77.8%
untounto
75%
ThyThy
73.6%
statutesstatutes
68.1%
ThouThou
68.1%
continually.continually.
65.3%
hasthast
65.3%
downdown
62.5%
allall
62.5%
themthem
62.5%
thatthat
62.5%
Words to Type... Here! % Correct
troddentrodden
61.1%
errerr
61.1%
fromfrom
61.1%
ThyThy
61.1%
forfor
61.1%
statutes:statutes:
58.3%
theirtheir
58.3%
isis
54.2%
deceitdeceit
52.8%
falsehood.falsehood.
52.8%
ThouThou
52.8%
puttestputtest
51.4%
awayaway
51.4%
allall
50%
thethe
50%
ofof
48.6%
thethe
48.6%
earthearth
48.6%
likelike
48.6%
wickedwicked
47.2%
dross:dross:
45.8%
thereforetherefore
44.4%
II
44.4%
lovelove
44.4%
ThyThy
41.7%
testimonies.testimonies.
40.3%
MyMy
40.3%
fleshflesh
37.5%
tremblethtrembleth
36.1%
forfor
34.7%
fearfear
34.7%
ofof
33.3%
Thee;Thee;
33.3%
andand
33.3%
II
33.3%
amam
33.3%
afraidafraid
29.2%
ofof
29.2%
ThyThy
29.2%
judgments.judgments.
26.4%

You're not logged in!

Compare scores with friends on all Sporcle quizzes.
Sign Up with Email
OR
Log In

You Might Also Like...

Show Comments

Extras

Top Quizzes Today


Score Distribution

Your Account Isn't Verified!

In order to create a playlist on Sporcle, you need to verify the email address you used during registration. Go to your Sporcle Settings to finish the process.